[Event "FSV-ch 2011"]
[Site "Dortmund"]
[Date "2011.04.07"]
[Round "5.13"]
[White "Gennat, Egon L"]
[Black "Dite, Alexander"]
[Result "0-1"]
[WhiteElo "1289"]
[BlackElo "1610"]
[PlyCount "130"]
[EventDate "2011.??.??"]

1. c4 e6 2. Nf3 d5 3. cxd5 exd5 4. d4 Nf6 5. Bg5 Bd6 6. e3 O-O 7. Bd3 c6 8. Nc3
Re8 9. O-O Bg4 10. h3 Bh5 11. Kh1 Nbd7 12. g4 Bg6 13. Bxg6 hxg6 14. Rg1 Qc7 15.
Rc1 a6 16. a3 Re6 17. Rc2 Nb6 18. Qc1 Qd7 19. b4 Nc4 20. Nd2 b5 21. Nb3 Ne4 22.
Nxe4 Rxe4 23. Nd2 Re6 24. Nxc4 dxc4 25. Qd1 f6 26. Bh4 Kf7 27. Bg3 Rh8 28. Qf1
Re4 29. Bxd6 Qxd6 30. Rg3 Qd5 31. Qg2 Re7 32. Kg1 Ra7 33. Qxd5+ {(=)} 33...
cxd5 34. f4 a5 35. Rf3 axb4 36. axb4 Ra3 37. Kg2 Rha8 38. Kg3 Rb3 39. f5 g5 40.
h4 gxh4+ 41. Kxh4 Raa3 42. g5 fxg5+ 43. Kxg5 Rxe3 44. Rff2 Red3 45. Ra2 Rg3+
46. Kf4 Kf6 47. Rae2 Rgd3 48. Re6+ Kf7 49. Ke5 c3 $2 50. Rc6 Rd2 $4 51. Rc7+
Kg8 52. Rf1 (52. Rxc3 $1) 52... Re2+ 53. Kxd5 c2 54. f6 gxf6 55. Rxf6 (55. Rg1+
Kf8 56. Rh1 Kg8 57. Rg1+ $11) 55... Rae3 56. Rb6 Re8 57. Rxb5 $4 {
Immer diese Gier!} 57... Rd8+ 58. Kc6 c1=Q+ 59. Rc5 Qh6+ 60. Kb7 Qh1+ 61. R5c6
Re6 62. b5 Rxc6 63. Rxc6 Rxd4 64. Kb8 Rb4 65. Rc8+ Kf7 0-1

[Event "FSV-ch 2011"]
[Site "Dortmund"]
[Date "2011.04.07"]
[Round "5.14"]
[White "Dieckmann, Rudolf"]
[Black "Maffei, Hendrik"]
[Result "1-0"]
[WhiteElo "1592"]
[BlackElo "1247"]
[PlyCount "29"]
[EventDate "2011.??.??"]

1. d4 g6 2. e4 Bg7 3. Nf3 d6 4. Bc4 Bg4 5. Be3 e6 6. h3 Bxf3 7. Qxf3 Qf6 8. Qe2
Qe7 9. Nd2 Nh6 10. O-O-O Nc6 11. Nb3 b6 12. Bb5 Qd7 13. d5 O-O-O 14. Bxc6 Qe7
15. Qa6+ 1-0

[Event "FSV-ch 2011"]
[Site "Dortmund"]
[Date "2011.04.07"]
[Round "5.15"]
[White "Lauche, Christoph"]
[Black "Tautz, Eugen"]
[Result "1-0"]
[WhiteElo "1877"]
[BlackElo "1442"]
[PlyCount "131"]
[EventDate "2011.??.??"]

1. e4 c5 2. b4 cxb4 3. a3 Nc6 4. axb4 Nf6 5. b5 Nb8 6. e5 Ng8 {
Ein originelles Stellungsbild! Und obendrein ist auch noch Weiss am Zug.} 7.
Nf3 e6 8. Nc3 d5 9. exd6 Bxd6 10. Ne4 Be7 11. Bb2 Nf6 12. Ng3 Nbd7 13. d4 b6
14. Bd3 Bb7 15. O-O Qc7 16. Re1 Nd5 17. c4 Nf4 18. Be4 Bxe4 19. Rxe4 O-O 20.
Ne5 Nxe5 21. dxe5 Ng6 22. Qe2 Rfd8 23. Rd1 Rxd1+ 24. Qxd1 Rd8 25. Rd4 Rxd4 26.
Qxd4 Bc5 27. Qe4 h6 28. h4 Qd7 29. Qa8+ Kh7 30. Qe4 Kg8 31. h5 Nf8 32. Qe2 Nh7
33. Ne4 Be7 34. f4 Nf8 35. g4 Qd8 36. Kf2 Nd7 37. f5 Nc5 38. f6 Nxe4+ 39. Qxe4
Qd2+ 40. Qe2 Bc5+ 41. Kf3 Qxe2+ 42. Kxe2 Kh7 43. fxg7 Kxg7 44. Kf3 Kg8 45. Bc1
Kg7 46. g5 hxg5 47. Bxg5 Kh7 48. Bd8 Kh6 49. Kg4 Bd4 50. Bc7 Be3 51. Bb8 Bd4
52. Bxa7 Bg1 53. Bb8 Bf2 54. Bd6 Bg1 55. c5 bxc5 56. b6 c4 57. b7 Ba7 58. b8=Q
Bxb8 59. Bxb8 c3 60. Bd6 c2 61. Ba3 Kg7 62. Kg5 Kh7 63. Kf6 Kg8 64. h6 Kh7 65.
Kxf7 Kxh6 66. Kxe6 1-0

[Event "FSV-ch 2011"]
[Site "Dortmund"]
[Date "2011.04.07"]
[Round "5.16"]
[White "Raskin, Vitali"]
[Black "Herrmann, Rudolf"]
[Result "1-0"]
[WhiteElo "1748"]
[BlackElo "1336"]
[PlyCount "87"]
[EventDate "2011.??.??"]

1. e4 d5 2. exd5 Qxd5 3. Nc3 Qa5 4. d4 Nf6 5. Bd2 c6 6. Nf3 Bg4 7. Bc4 e6 8. h3
Qh5 9. Be2 Bxf3 10. Bxf3 Qa5 11. O-O Qc7 12. Re1 Be7 13. Ne4 Nxe4 14. Bxe4 Nd7
15. c4 Nf6 16. Bf3 O-O 17. Rc1 Qb6 18. Bc3 Bb4 19. Rb1 Bxc3 20. bxc3 Qc7 21.
Qb3 Rab8 22. Re5 h6 23. Rd1 b6 24. Re3 Rbd8 25. Be2 c5 26. d5 e5 27. Qc2 e4 28.
Re1 Rfe8 29. Bd1 Qf4 30. Qc1 Qd6 31. Bc2 Kf8 32. Bxe4 Nxe4 33. Rxe4 Rxe4 34.
Rxe4 Re8 35. Qe1 Rxe4 36. Qxe4 g6 37. f4 Qf6 38. Qe5 Qd8 39. Qh8+ Ke7 40. Qxh6
Kd7 41. Qg7 Qe8 42. Qf6 Kc7 43. Qe5+ Kd7 44. Kf2 1-0

[Event "FSV-ch 2011"]
[Site "Dortmund"]
[Date "2011.04.07"]
[Round "5.17"]
[White "Völler, Lothar"]
[Black "Wickenfeld, Udo"]
[Result "1-0"]
[WhiteElo "1454"]
[BlackElo "1249"]
[PlyCount "47"]
[EventDate "2011.??.??"]

1. e4 c5 2. d4 cxd4 3. c3 Nc6 4. cxd4 e6 5. Nf3 Qc7 6. Nc3 Bb4 7. Be2 Nf6 8.
Qd3 a6 9. O-O b5 10. e5 Ng8 11. Be3 Na5 12. Qe4 Bb7 13. Qg4 Bf8 14. Rfc1 Qd8
15. Ne4 Bxe4 16. Qxe4 Rc8 17. Rxc8 Qxc8 18. Rc1 Qd8 19. d5 Ne7 20. d6 Nf5 21.
Bd2 Nc6 22. Rxc6 dxc6 23. Qxc6+ Qd7 24. Qa8+ 1-0

[Event "FSV-ch 2011"]
[Site "Dortmund"]
[Date "2011.04.07"]
[Round "5.18"]
[White "Busch, J. Malo"]
[Black "Vogt, Christian"]
[Result "1/2-1/2"]
[WhiteElo "1220"]
[BlackElo "1415"]
[PlyCount "87"]
[EventDate "2011.??.??"]

1. e4 e5 2. Nf3 Nf6 3. Nc3 Bb4 4. Nd5 Nxd5 5. exd5 e4 6. Nd4 Qf6 7. Nb3 O-O 8.
c3 Bd6 9. g3 Qf3 10. Qxf3 exf3 11. Bh3 Re8+ 12. Kd1 Na6 13. d4 c5 14. Be3 c4
15. Nd2 b5 16. Bg4 Nc7 17. Bxf3 f5 18. a4 Bb7 19. axb5 Nxd5 20. Re1 Nxe3+ 21.
Rxe3 Bxf3+ 22. Rxf3 Rf8 23. Nxc4 Bc7 24. b6 axb6 25. Rxa8 Rxa8 26. Rxf5 Ra1+
27. Kc2 Rh1 28. h4 Rh2 29. Rf3 d6 30. Kd3 Rh1 31. Ke2 Rb1 32. Rd3 b5 33. Na3
Rxb2+ 34. Rd2 Rb3 35. Ra2 b4 36. cxb4 Rxb4 37. Rc2 Bb6 38. d5 Bc5 39. Nc4 Rb8
40. Ra2 Rb4 41. Ne3 Re4 42. Kf3 Rd4 43. Ra8+ Kf7 44. Rh8 {(=)} 1/2-1/2

[Event "FSV-ch 2011"]
[Site "Dortmund"]
[Date "2011.04.07"]
[Round "5.19"]
[White "Kirmes, H.-Uwe"]
[Black "Jürgens, Ulrich"]
[Result "1-0"]
[WhiteElo "1380"]
[BlackElo "1168"]
[PlyCount "41"]
[EventDate "2011.??.??"]

1. f4 d5 2. Nf3 Nf6 3. e3 g6 4. d3 e6 5. Be2 Bg7 6. Nc3 c6 7. O-O O-O 8. Qe1
Re8 9. Ne5 Qc7 10. Rf3 Nbd7 11. d4 a6 12. Rh3 c5 13. Qh4 h6 14. g4 Nxe5 15.
dxe5 Ne4 16. Nxe4 dxe4 17. b3 Qe7 18. Qg3 f5 19. gxf5 exf5 20. Qxg6 Qe6 21. Bc4
1-0

[Event "FSV-ch 2011"]
[Site "Dortmund"]
[Date "2011.04.07"]
[Round "5.20"]
[White "Skalweit, Wolfgang"]
[Black "Böckmann, Lilo"]
[Result "1-0"]
[WhiteElo "1401"]
[BlackElo "935"]
[PlyCount "71"]
[EventDate "2011.??.??"]

1. f4 d5 2. Nf3 Nf6 3. d3 c5 4. c3 Nc6 5. Qc2 g6 6. Nbd2 Bg7 7. e4 Ng4 8. Nb3
b6 9. h3 dxe4 10. dxe4 Nf6 11. Be3 O-O 12. Rd1 Qc7 13. e5 Bf5 14. Qe2 Ne4 15.
Bf2 Nxf2 16. Kxf2 Na5 17. Nxa5 bxa5 18. g4 Bc8 19. Ng5 c4 20. Bg2 Qb6+ 21. Kg3
Rb8 22. Rd2 Bb7 23. Bxb7 Qxb7 24. Rhd1 h6 25. Ne4 Kh7 26. Nc5 Qa8 27. Nd7 Rg8
28. Nxb8 Qxb8 29. Qe4 e6 30. Qxc4 f6 31. exf6 Bxf6 32. Qxe6 Bg5 33. Rd6 Re8 34.
Qxg6+ Kh8 35. fxg5 Re3+ 36. Kh4 1-0

[Event "FSV-ch 2011"]
[Site "Dortmund"]
[Date "2011.04.07"]
[Round "5.21"]
[White "Pauli, Helmut"]
[Black "Wangrin, Stefan A"]
[Result "0-1"]
[WhiteElo "1199"]
[BlackElo "1184"]
[PlyCount "94"]
[EventDate "2011.??.??"]

1. e4 e5 2. Nf3 d6 3. Nc3 Nf6 4. Bc4 h6 5. d3 Bg4 6. h3 Bxf3 7. Qxf3 Nbd7 8.
Nd5 c6 9. Nxf6+ Qxf6 10. Qxf6 Nxf6 11. a3 a5 12. O-O Be7 13. f4 exf4 14. Rxf4
d5 15. exd5 Bc5+ 16. Kf1 Nxd5 17. Bxd5 cxd5 18. Bd2 O-O 19. d4 Bb6 20. c3 Bd8
21. Rf5 Ra6 22. Rxd5 Rf6+ 23. Kg1 Re8 24. Re1 Rfe6 25. Rxe6 Rxe6 26. Rxd8+ Kh7
27. Kf2 Rb6 28. Bc1 Rf6+ 29. Ke2 Re6+ 30. Kd3 Re1 31. Kd2 Rg1 32. Re8 Rxg2+ 33.
Re2 Rg3 34. Rh2 f5 35. Kc2 Rg6 36. b4 a4 37. Bf4 Rg1 38. Kb2 Rf1 39. Be5 f4 40.
d5 f3 41. d6 f2 42. d7 Rb1+ 43. Kxb1 f1=Q+ 44. Kc2 Qf5+ 45. Kb2 Qxd7 46. Bd4
Qf7 47. Rc2 Qb3+ 0-1

[Event "FSV-ch 2011"]
[Site "Dortmund"]
[Date "2011.04.07"]
[Round "5.22"]
[White "Riepe, Markus"]
[Black "Winkler, Harald"]
[Result "0-1"]
[WhiteElo "886"]
[BlackElo "1318"]
[PlyCount "88"]
[EventDate "2011.??.??"]

1. e4 e5 2. Nf3 d6 3. c4 h6 4. Nc3 Nf6 5. Be2 Be7 6. h3 Na6 7. d4 b6 8. d5 Bb7
9. Nb5 c6 10. dxc6 Bxc6 11. b3 Nc5 12. O-O Nb7 13. Be3 Nxe4 14. Qd3 a6 15. Nc3
Nxc3 16. Qxc3 O-O 17. Rfd1 Qc7 18. Qc2 f5 19. Bd3 e4 20. Nd4 exd3 21. Qxd3 Be4
22. Ne6 Qc8 23. Qe2 Qxe6 24. Qh5 b5 25. cxb5 axb5 26. Qe2 Qd7 27. Bd4 Bf6 28.
Qb2 Rac8 29. Rac1 Rxc1 30. Rxc1 Bxd4 31. Qxd4 Rc8 32. Re1 Rc2 33. Re3 d5 34.
Rg3 f4 35. Rg4 g5 36. Qf6 Qg7 37. Qe6+ Kh7 38. Qb6 Rxa2 39. h4 f3 40. h5 fxg2
41. b4 Ra1+ 42. Kh2 Rh1+ 43. Kg3 Qc3+ 44. Qe3 g1=Q# 0-1

[Event "FSV-ch 2011"]
[Site "Dortmund"]
[Date "2011.05.02"]
[Round "5.23"]
[White "Rabe, Mark"]
[Black "vd Mescht, Adrian"]
[Result "1-0"]
[WhiteElo "963"]
[BlackElo "756"]
[PlyCount "55"]
[EventDate "2011.??.??"]

1. e3 d5 2. d4 Nf6 3. Be2 Bf5 4. b3 Nc6 5. Bd2 e6 6. a3 Bd6 7. Nf3 O-O 8. O-O
Ne4 9. c4 Qf6 10. c5 Be7 11. Nc3 Ng5 12. Nxg5 Qxg5 13. e4 Qg6 14. exf5 Qxf5 15.
Be3 Rad8 16. Nb5 Rd7 17. Bd3 Qf6 18. Qg4 a6 19. Nc3 e5 20. Qxd7 exd4 21. Nxd5
Qh4 22. g3 Qh5 23. Bd2 Bxc5 24. Rae1 g6 25. Nf6+ Kh8 26. Nxh5 gxh5 27. Qf5 Ne7
28. Qxh7# 1-0

[Event "FSV-ch 2011"]
[Site "Dortmund"]
[Date "2011.04.07"]
[Round "5.24"]
[White "Reker, Gerhard"]
[Black "Jentzsch, W. W."]
[Result "0-1"]
[WhiteElo "727"]
[BlackElo "1292"]
[PlyCount "28"]
[EventDate "2011.??.??"]

1. e4 e5 2. d4 exd4 3. Qxd4 Nc6 4. Qd3 Nb4 5. Qc3 Qh4 6. Bd3 Na6 7. Nf3 Qh5 8.
Bf4 Bb4 9. Qxb4 Nxb4 10. Bxc7 Qc5 11. Bg3 Nxd3+ 12. cxd3 Qc1+ 13. Ke2 Qxh1 14.
Nh4 Qc1 0-1

[Event "FSV-ch 2011"]
[Site "Dortmund"]
[Date "2011.04.28"]
[Round "6.1"]
[White "Naundorf, Maik"]
[Black "Schulenburg, Pit"]
[Result "1/2-1/2"]
[WhiteElo "2056"]
[BlackElo "2118"]
[PlyCount "100"]
[EventDate "2011.??.??"]

1. g3 g6 2. c4 Bg7 3. Bg2 c5 4. Nc3 Nc6 5. Nf3 Nf6 6. d4 cxd4 7. Nxd4 O-O 8. c5
Nxd4 9. Qxd4 Ne8 $2 ({Schwarz waehlt eine falsche Zugfolge. Korrekt spielte
der Nachziehende in folgender Partie:} 9... d6 $1 10. cxd6 Ne8 11. Qb4 Nxd6 12.
Bf4 a5 13. Qa4 Bd7 14. Qd1 a4 15. Rc1 a3 16. b3 Rc8 17. Nd5 Rxc1 18. Qxc1 Bc6
19. O-O Bxd5 20. Bxd5 Nb5 21. Bc4 Bb2 22. Qc2 Nd4 23. Qd1 b5 24. Bd3 Qd5 25.
Be3 Nxb3 26. Qxb3 Qxb3 27. axb3 a2 28. Bxb5 Rc8 29. Bc4 Kg7 30. Kg2 e5 31. f4
e4 32. Kf2 f5 33. Bb6 Kf6 34. Ke3 Ra8 35. b4 Ra3+ 36. Kf2 a1=Q 37. Rxa1 Rxa1
38. Bd8+ Kg7 39. b5 Rc1 40. Bb3 Bd4+ 41. e3 Bxe3+ {
0-1 Stuhlik,M-Shoker,S/Vienna AUT 2009/The Week in Chess 771 (41).}) 10. Qb4 a5
11. Qa3 d6 12. Be3 {Schwarz ist in eine Situation geraten, in der er kaum noch
einen Fluegel heben kann, waehrend Weiss nicht viel Phantasie benoetigt, um
den Druck durch Besetzung der d-Linie entscheidend zu verstaerken.} 12... dxc5
13. Bxc5 Nd6 14. Rd1 Be6 15. O-O b5 {?!? Ein Bluff. Schwarz, der im hoeheren
Sinne schon auf Verlust stand, will, koste es, was es wolle, das Spiel
verkomplizieren ...} 16. Bxd6 {... Weiss findet prompt nur den zweitbesten Zug.
} ({Viel besser angesichts der Unordnung im schwarzen Lager war es, moeglichst
viele Figuren auf dem Brett zu belassen, also:} 16. Nxb5 $1 Nxb5) ({
Ein Reinfall waere dagegen} 16. Bxa8 $2 {wegen} 16... b4 17. Qa4 Qxa8 {
mit der Idee} 18. -- Bh3 {und Schwarz gleicht aus.}) 16... exd6 17. Nxb5 (17.
Bxa8 {scheitert weiterhin an} 17... b4 $1 {z.B.} 18. Qa4 Qxa8 19. Nb5 Bh3 20.
f3 {nebst Schlagen auf f1 oder, noch interessanter:} 20... Qc6 $5 21. Rxd6 Qc5+
{mit starkem schwarzen Angriff.}) 17... Rb8 {
Schwarz hat es geschafft, sich auf Kosten von ein, zwei Bauern zu befreien.}
18. Nd4 {Das ist noch besser, als sich auf d6 zu bedienen.} (18. Rxd6 Qe7 19.
Nd4 Rxb2 20. Nxe6 fxe6 21. Qd3 -- {mit der Drohung} 22. Rxe6 $16) 18... Bxd4
19. Rxd4 Qb6 20. Rxd6 ({Der Partiezug zeugt von Ungeduld. Vorzuziehen war es,
moeglicht viele Bauern auf dem Brett zu halten und dem Gegner das Sorgenkind
auf d6 einstweilen zu lassen, also:} 20. Rd2 $1) 20... Qxb2 {
Die Vereinfachung hat der schwarzen Stellung gutgetan - man lebt noch ...} 21.
Qxa5 {Schwarz kann sich nun einen der beiden Bauern zurueckholen und steht nur
bei fluechtiger Betrachtung vor einer schwierigen Entscheidung. Tatsaechlich
jedoch muss er den Damenfluegel kahlschlagen ...} 21... Qxa2 $1 22. Qxa2 Bxa2 {
... nun, nachdem sich alle Bauern an nur einem Fluegel befinden, tun sich
verschiedene Rettungsideen auf, darunter - frei nach dem Motto "Turmendspiele
sind immer remis" - ein Tausch der Laeufer oder sogar das Verschwinden aller
Tuerme, wonach der weisse Laeufer die "falsche Ecke" beherrscht.} 23. Rd2 Be6
24. Rfd1 Rfc8 25. h4 Rc5 26. Bd5 Bxd5 27. Rxd5 Rxd5 28. Rxd5 h5 $1 {Andernfalls
spielt Weiss in Kuerze g2-g4, wonach sich die schwarzen Bauern nicht mehr
gegen eine weitere Einengung wehren koennten, ohne dabei zersplittert zu
werden.} 29. e4 Rb4 30. f3 Rb2 31. Rd3 Kf8 32. Kf1 Ke7 33. Ke1 Rg2 34. f4 Ke6
35. Kf1 Ra2 36. Re3 f6 37. Re2 Ra3 38. Kf2 Rb3 39. Re3 Rb2+ 40. Kf3 Ra2 41. Rb3
Ra6 42. g4 hxg4+ 43. Kxg4 Ra4 44. Re3 Rb4 45. e5 Rb1 46. exf6+ Kxf6 {
Die Stellung ist laengst nicht mehr zu gewinnen.} 47. Rg3 Rf1 48. Rh3 Rg1+ 49.
Kf3 Kf5 50. h5 ({Im Falle von} 50. Rg3 {bleibt das Turmendspiel totremis,
geplant hatte Schwarz allerdings schon seit laengerem den Turmtausch} 50...
Rxg3+ 51. Kxg3 Ke6 {
Das Bauernendspiel ist remis, wovon man sich leicht ueberzeugen kann.}) 50...
gxh5 {(=)} ({Weiss nahm das Remisangebot an. Nach} 50... gxh5 51. Rxh5+ Kf6 {
ergibt sich eine elementare Remisstellung.}) 1/2-1/2

[Event "FSV-ch 2011"]
[Site "Dortmund"]
[Date "2011.04.28"]
[Round "6.2"]
[White "Sonntag, Joachim"]
[Black "Zelt, Jens"]
[Result "0-1"]
[WhiteElo "1753"]
[BlackElo "2070"]
[PlyCount "102"]
[EventDate "2011.??.??"]

1. e4 d6 2. d4 g6 3. Nc3 Bg7 4. Be3 Nd7 5. f4 a6 6. a4 e6 7. Nf3 Ne7 8. Bc4 Nb6
9. Bd3 d5 10. e5 Nc6 11. Bf2 Nd7 12. O-O O-O 13. Ng5 Ne7 14. Qg4 Nf5 15. h4 h6
16. Nf3 h5 17. Qh3 Nh6 18. Nh2 Qe7 19. Qe3 b6 20. Ne2 c5 21. c3 Bb7 22. a5 cxd4
23. cxd4 Rfc8 24. axb6 Nxb6 25. b3 Bf8 26. Qf3 Nf5 27. Qh3 Nd7 28. g4 Ng7 29.
Qg3 hxg4 30. Qxg4 Nh5 31. f5 exf5 32. Bxf5 Rc7 33. e6 Ndf6 34. exf7+ Qxf7 35.
Qg2 Kh7 36. Nf3 Qg8 37. Ng5+ Kh8 38. Be6 Qg7 39. Be1 Bd6 40. Ba5 Re7 41. Rae1
Rae8 42. Qh3 Bc6 43. Bd2 Bb5 44. Rf3 Bd7 45. Nf4 $4 Bxf4 46. Bxf4 Nxf4 47. Rxf4
Bxe6 $4 (47... Nh5 $1 $19) 48. Rxe6 Rxe6 49. Nxe6 Qe7 50. Ng5 Kg7 51. Qg3 $4
Nh5 0-1

[Event "FSV-ch 2011"]
[Site "Dortmund"]
[Date "2011.04.28"]
[Round "6.3"]
[White "Morawietz, Manuel"]
[Black "Tekin, Baran"]
[Result "1/2-1/2"]
[WhiteElo "1958"]
[BlackElo "1426"]
[PlyCount "64"]
[EventDate "2011.??.??"]

1. d4 Nf6 2. Nc3 g6 3. e4 d6 4. f4 Bg7 5. Nf3 c5 6. dxc5 Qa5 7. Qd3 Qxc5 8. Be3
Qa5 9. Be2 Bd7 10. h3 Na6 11. Qd2 Nc5 12. O-O Nh5 13. Bd4 O-O 14. Kh2 Bxd4 15.
Nxd4 Nf6 16. a3 Qc7 17. Bf3 Rab8 18. b4 Ne6 19. Nd5 Nxd5 20. exd5 Nxd4 21. Qxd4
Qxc2 22. Qxa7 Qd2 23. Kh1 Bb5 24. Rfe1 Qxf4 25. Rxe7 Ra8 26. Qe3 Qf6 27. Rc1
Rxa3 28. Qxa3 Qxe7 29. Qa5 Qe3 30. Rc7 Qe1+ 31. Kh2 Qe5+ 32. Kg1 Qe1+ 1/2-1/2

[Event "FSV-ch 2011"]
[Site "Dortmund"]
[Date "2011.04.28"]
[Round "6.4"]
[White "Begna, Bozidar"]
[Black "Schütz, Ralf"]
[Result "1-0"]
[WhiteElo "1960"]
[BlackElo "1818"]
[PlyCount "111"]
[EventDate "2011.??.??"]

1. e4 c5 2. Nf3 e6 3. c3 d5 4. exd5 Qxd5 5. d4 Nf6 6. Na3 Bd7 7. Bc4 Qh5 8. Nb5
Bxb5 9. Bxb5+ Nbd7 10. Qa4 cxd4 11. cxd4 Qd5 12. O-O a6 13. Bc4 Qd6 14. Bg5 Rc8
15. Bd3 Qb4 16. Qxb4 Bxb4 17. Ne5 h6 18. Bh4 Nb6 19. Rac1 Rxc1 20. Rxc1 g5 21.
Bg3 Nfd5 22. Nc4 O-O 23. a3 Nxc4 24. Rxc4 Ba5 25. Kf1 Rd8 26. h4 Bb6 27. hxg5
hxg5 28. Ke2 Rd7 29. Be4 Nf6 30. Rc8+ Kg7 31. Be5 Bxd4 32. Bxd4 Rxd4 33. Bxb7
Rd6 34. Rc6 Rd7 35. Bxa6 Nd5 36. g3 Ra7 37. b4 Ne7 38. Rd6 Nf5 39. Rb6 Kf6 40.
a4 Ke5 41. a5 Nd4+ 42. Kd3 Rc7 43. Bc4 g4 44. a6 Nc6 45. Ke3 Rc8 46. Rb7 Nd8
47. Rb5+ Kd6 48. Bd3 Ra8 49. Ra5 f5 50. b5 Kc5 51. Ra1 e5 52. Bxf5 Kxb5 53.
Bxg4 Kb6 54. Be2 Rc8 55. Rb1+ Ka7 56. Rb5 1-0

[Event "FSV-ch 2011"]
[Site "Dortmund"]
[Date "2011.04.28"]
[Round "6.5"]
[White "Raabe, Hans-Ulrich"]
[Black "Melmer, Felix"]
[Result "0-1"]
[WhiteElo "1507"]
[BlackElo "1917"]
[PlyCount "46"]
[EventDate "2011.??.??"]

1. e4 c5 2. Nf3 Nc6 3. d4 cxd4 4. Nxd4 g6 5. Be3 Bg7 6. Nc3 Nf6 7. f3 O-O 8.
Qd2 d5 9. Nxc6 bxc6 10. e5 Nd7 11. f4 e6 12. h4 c5 13. Nxd5 exd5 14. Qxd5 Rb8
15. O-O-O Qb6 16. b3 Qb4 17. Kb1 a5 18. h5 a4 19. hxg6 hxg6 20. e6 Qc3 21.
exf7+ Rxf7 22. Bd4 Bxd4 23. Rxd4 Qxd4 0-1

[Event "FSV-ch 2011"]
[Site "Dortmund"]
[Date "2011.04.28"]
[Round "6.6"]
[White "Schulz-Runge, Mi"]
[Black "Jost, Udo"]
[Result "0-1"]
[WhiteElo "1790"]
[BlackElo "1791"]
[PlyCount "100"]
[EventDate "2011.??.??"]

1. e4 c5 2. Nf3 e6 3. d4 cxd4 4. Nxd4 a6 5. Nc3 Qc7 6. Be3 Nf6 7. Bd3 Bb4 8.
Qd2 d5 9. O-O dxe4 10. Be2 Bxc3 11. Qxc3 Qxc3 12. bxc3 O-O 13. Rab1 e5 14. Nb3
Nd5 15. Bd2 Nc6 16. Nc5 Nf4 17. Bxf4 exf4 18. Nxb7 Ne5 19. Rfd1 f3 20. Bf1 fxg2
21. Kxg2 Bg4 22. Rd5 Rfe8 23. Kg3 h5 24. Nc5 Bf3 25. Nxa6 h4+ 26. Kf4 Ng6+ 27.
Ke3 Rec8 28. Rb3 Rc6 29. Nb4 Rf6 30. h3 Bh1 31. Be2 Nf4 32. Rd1 Ng2+ 33. Kd2
Rd8+ 34. Kc1 Rxd1+ 35. Kxd1 Rxf2 36. c4 Nf4 37. Re3 Rxe2 38. Rxe2 Bf3 39. Nd5
Nxe2 40. Kd2 Nd4 41. a4 Nc6 42. Ne3 g6 43. c5 f5 44. Nd5 Kf7 45. c3 g5 46. Ke3
Bg2 47. Nb4 Na5 48. c6 f4+ 49. Kf2 Bxh3 50. c7 g4 0-1

[Event "FSV-ch 2011"]
[Site "Dortmund"]
[Date "2011.04.21"]
[Round "6.8"]
[White "Dite, Alexander"]
[Black "Bommert, Christian"]
[Result "1-0"]
[WhiteElo "1610"]
[BlackElo "1753"]
[PlyCount "45"]
[EventDate "2011.??.??"]

1. d4 f5 2. g3 Nf6 3. Bg2 g6 4. Nf3 Bg7 5. O-O O-O 6. c4 d6 7. Nc3 Qe8 8. d5 a5
9. Nd4 Na6 10. e4 Nxe4 11. Nxe4 fxe4 12. Bxe4 Nc5 13. Bg2 e5 14. dxe6 c6 15.
Bf4 Nxe6 16. Nxe6 Qxe6 17. Bxd6 Rd8 18. c5 Bxb2 {(=)} 19. Re1 Qf6 20. Qb3+ Kh8
21. Be7 Bxa1 22. Bxf6+ Bxf6 23. Qf7 1-0

[Event "FSV-ch 2011"]
[Site "Dortmund"]
[Date "2011.04.28"]
[Round "6.9"]
[White "Schicktanz, Florian"]
[Black "Reschop, Romano"]
[Result "1/2-1/2"]
[WhiteElo "1569"]
[BlackElo "1703"]
[PlyCount "64"]
[EventDate "2011.??.??"]

1. c4 Nf6 2. Nf3 c6 3. d4 d5 4. e3 Bf5 5. Nc3 e6 6. h3 Bd6 7. Bd2 Nbd7 8. a3
O-O 9. Rc1 e5 10. dxe5 Nxe5 11. Nxe5 Bxe5 12. Be2 d4 13. exd4 Qxd4 14. O-O Rad8
15. Be3 Qh4 16. Qe1 Bd4 17. Bxd4 Rxd4 18. f3 Qg5 19. Kh2 Re8 20. Qf2 Rd2 21.
Rfe1 Bd3 22. f4 Qh6 23. Qf3 $4 Bxe2 24. Rxe2 Rexe2 25. Nxe2 g5 $4 (25... Rxe2
$1 26. Qxe2 Qxf4+ $19) 26. fxg5 Qxg5 27. Rb1 Qe5+ 28. Qg3+ $2 (28. Ng3) 28...
Qxg3+ $2 (28... Ng4+ $1 29. hxg4 Rxe2 30. Qxe5 Rxe5 31. Rd1 (31. Kg3 $5 Re3+ (
31... Re4 32. b3 Kg7 33. Rf1) (31... Re2 32. b3 Kg7 33. Rf1 $11) 32. Kf4 Rb3
33. Kf5 Kg7 34. a4 (34. g5 b5 35. cxb5 Rxb5+ 36. Kf4 Kg6) 34... a5 35. g5 b6
36. Ke5 Kg6 37. Kf4 Rb4 38. b3 b5 39. Rh1 bxa4 40. Rh6+ Kg7 41. bxa4 Rxc4+)
31... Re3 {Schwarz steht eindeutig besser; sein Turm ist aktiver und schneidet
den gegnerischen Koenig vom Spielgeschehen ab!}) 29. Nxg3 Rc2 30. Nf5 Ne4 31.
Re1 Nf6 32. Rb1 h5 1/2-1/2

[Event "FSV-ch 2011"]
[Site "Dortmund"]
[Date "2011.04.28"]
[Round "6.10"]
[White "Benke, Werner"]
[Black "Weischer, Wolfgang"]
[Result "1-0"]
[WhiteElo "1612"]
[BlackElo "1582"]
[PlyCount "129"]
[EventDate "2011.??.??"]

1. e4 c5 2. Nf3 e6 3. d4 cxd4 4. Nxd4 Bc5 5. Nb3 Bb6 6. Be2 Ne7 7. O-O O-O 8.
c4 f5 9. exf5 Nxf5 10. N1d2 d6 11. Nf3 h6 12. h3 Ng3 13. Re1 Ne4 14. Be3 Bxe3
15. fxe3 Nd7 16. Qc2 Ndf6 17. Rad1 b6 18. Bd3 Bb7 19. Nbd2 Nc5 20. Be2 Be4 21.
Nxe4 Ncxe4 22. Bd3 Nc5 23. Bg6 Qe7 24. Qc3 Nce4 25. Qd4 d5 26. cxd5 exd5 27.
Nh4 Ng3 28. Bc2 Rad8 29. Ng6 Qc7 30. Nxf8 Qxc2 31. Ne6 Rd6 32. Rd2 Qf5 33. Nf4
Nfe4 34. Rc2 Nc5 35. Rec1 Nce4 36. Rc7 Rf6 37. Qxd5+ Qxd5 38. Nxd5 Ne2+ 39. Kh2
Rd6 40. Rc8+ Kh7 41. R1c2 N2g3 42. Nc3 Nf1+ 43. Kg1 Neg3 44. Ne4 Rd1 45. Nxg3
Nxg3+ 46. Kf2 Ne4+ 47. Kf3 Ng5+ 48. Kf4 Rf1+ 49. Ke5 Nf7+ 50. Kd5 Rf5+ 51. Kd4
Nd6 52. Rd8 Nb7 53. Rd5 Rf1 54. Ke5 Re1 55. e4 Nc5 56. Rd4 Re3 57. Kd5 Nd7 58.
Rcd2 Rg3 59. e5 Rg5 60. Re2 Kg8 61. b4 Kf8 62. Kd6 Ke8 63. Rc4 Rg6+ 64. e6 Kd8
65. Rc7 1-0

[Event "FSV-ch 2011"]
[Site "Dortmund"]
[Date "2011.04.28"]
[Round "6.11"]
[White "Raskin, Vitali"]
[Black "Dieckmann, Rudolf"]
[Result "0-1"]
[WhiteElo "1768"]
[BlackElo "1592"]
[PlyCount "140"]
[EventDate "2011.??.??"]

1. e4 g6 2. d4 Bg7 3. Nf3 d6 4. Be2 Nf6 5. Nbd2 b6 6. b3 Bb7 7. Bd3 O-O 8. Rb1
c5 9. d5 Nbd7 10. Bb2 e6 11. c4 Re8 12. O-O exd5 13. exd5 Ne5 14. Nxe5 dxe5 15.
Re1 Qc7 16. h3 Rad8 17. Ne4 Nxe4 18. Bxe4 Qd6 19. Bc1 f5 20. Bc2 Qc7 21. Bg5
Rd6 22. g4 fxg4 23. Qxg4 Bc8 24. Qg3 Qd7 25. Kh2 h6 26. Bd2 g5 27. Bc3 Rf6 28.
Re2 Rf4 29. Rbe1 Rh4 30. Re3 Qf7 31. Qg2 g4 32. Bxe5 Rxe5 33. Rxe5 Qf4+ 34. Kg1
Bxe5 35. Qg3 Qxg3+ 36. fxg3 Rh5 37. h4 Bd4+ 38. Kf1 Re5 39. Re2 Rxe2 40. Kxe2
Kf7 41. Be4 Kf6 42. a3 Ke5 43. Bg6 Bd7 44. h5 b5 45. Bc2 a6 46. a4 bxc4 47.
bxc4 a5 48. Bd1 Be8 49. Kf1 Bxh5 50. Kg2 Kf5 51. Bc2+ Kg5 52. Bd1 Be8 53. Kf1
h5 54. Ke2 Bg6 55. Bb3 Kf6 56. Bd1 Ke5 57. Bb3 Bg1 58. Kf1 Be3 59. Ke2 Kd4 60.
d6 Bd3+ 61. Ke1 Bxc4 62. Bc2 Be6 63. Bg6 Kd5 64. Ke2 Bd4 65. Bxh5 Kxd6 66. Ke1
c4 67. Bg6 Kc5 68. Ke2 Kb4 69. Be8 c3 70. Ke1 Bb3 0-1